School Organisation Administration And Management/ (Record no. 212217)
[ view plain ]
| 000 -LEADER | |
|---|---|
| fixed length control field | 00813nam a22002417a 4500 |
| 005 - DATE AND TIME OF LATEST TRANSACTION | |
| control field | 20250708114736.0 |
| 010 ## - LCCN (DPL NO) | |
| LC control number | ENG-145790-791 |
| 020 ## - INTERNATIONAL STANDARD BOOK NUMBER | |
| Terms of availability | 595.00 |
| International Standard Book Number | 9789395368803 |
| 020 ## - INTERNATIONAL STANDARD BOOK NUMBER | |
| Terms of availability | 1795.00 |
| International Standard Book Number | 97893953688 |
| 035 ## - SYSTEM CONTROL NUMBER | |
| System control number | EN-129322 |
| 035 ## - SYSTEM CONTROL NUMBER | |
| System control number | EN-129323 |
| 037 ## - SOURCE OF ACQUISITION | |
| Source of stock number/acquisition | DBAD |
| 082 ## - DEWEY DECIMAL CLASSIFICATION NUMBER | |
| Classification number | 373 |
| 100 ## - MAIN ENTRY--PERSONAL NAME | |
| Personal name | Dash, B. N. |
| 245 ## - TITLE STATEMENT | |
| Title | School Organisation Administration And Management/ |
| Statement of responsibility, etc | B. N. Dash and Ravula Krishnaiah |
| 250 ## - EDITION STATEMENT | |
| Edition statement | 1 |
| 260 ## - PUBLICATION, DISTRIBUTION, ETC. (IMPRINT) | |
| Place of publication, distribution, etc | New Delhi |
| Name of publisher, distributor, etc | Neelkamal Publications Pvt. Ltd. |
| Date of publication, distribution, etc | 2024 |
| 270 ## - ADDRESS | |
| City | New Delhi |
| Address | 4764/1, 23, Ansari Road, Daryaganj, New Delhi |
| Postal code | 110002 |
| Telephone number | 011-23244237 |
| -- | +91 9811828953 |
| Electronic mail address | neelkamalbooks@gmail.com |
| 300 ## - PHYSICAL DESCRIPTION | |
| Extent | 460 p. |
| Dimensions | 23.9 cm (pb) |
| 300 ## - PHYSICAL DESCRIPTION | |
| Extent | 460 p. |
| Dimensions | 24.5 cm (hb) |
| 700 ## - ADDED ENTRY--PERSONAL NAME | |
| Personal name | Krishnaiah, Ravula |
| 9 (RLIN) | 82748 |
| 942 ## - ADDED ENTRY ELEMENTS (KOHA) | |
| Source of classification or shelving scheme | Dewey Decimal Classification |
| Item type | English Books |
| Classification part | 373 |
| Call number suffix | DAS |
| Withdrawn status | Lost status | Not for loan | Collection code | Home library | Current library | Date acquired | Source of acquisition | Cost, normal purchase price | Full call number | Barcode | Copy number | Cost, replacement price | Koha item type |
|---|---|---|---|---|---|---|---|---|---|---|---|---|---|
| Non-fiction | Central Library | Central Library | 08/07/2025 | DBAD | 595.00 | 373 DAS | EN-129322 | 1 | 595.00 | English Books | |||
| Non-fiction | Sarojini Nagar | Sarojini Nagar | 08/07/2025 | DBAD | 1795.00 | 373 DAS | EN-129323 | 1 | 1795.00 | English Books |
